Monty Python and the Holy Grail Quiz Stats

Quiz not verified by Sporcle

Also try: Title Drops
Challenge
Share
Tweet
Embed
Score 0/38 Timer 10:00
1 Play Today
Hint Answer % Correct
Which everyone has all over themselves but the...?king
86.8%
Who is the main character?King Arthur
84.4%
The main character is king of the...?Britons
81.6%
Because his age is...?37
69.2%
Which one of them doesn't want a Monarchy?Dennis
64.8%
Who is that age?Dennis
64.8%
Who is mistaked for...?woman
64%
He argues that he isn't...?old
62.8%
Which is a _____ place.silly
60.4%
To serve at the...?round table
59.2%
Who is looking for these peopleknights
54.4%
Which you can also do to...?wood
50.8%
Ahhh but can't you also make bridges out of...?stone
50.4%
who reveals themselves to own this at the end of the movie.holy grail
50%
And who calls King Arthur this name?french
49.6%
And what do you do with those kind of beings?burn
49.6%
True or False? There are that many coconuts in he movie? false
48%
One of these is accused of being a...?witch
46.8%
Which you can make what out of?bridge
46%
Hint Answer % Correct
Who arrives at castle______ aloneanthrax
43.2%
Which these building are made out ofcastle
38.8%
What is his wife looking for?filth
38%
And the 'witch' is wearing a (last answer)...?nose
31.6%
This animal weighs that muchswallow
26.8%
What movie takes place in this year?Monty Python and the Holy Grail
26.4%
Who doesn't (but actually does) carry this foodcoconuts
22%
This character isn't (last answer) to temptationsir Galahad
17.2%
Introduced the beginning, middle, or end?beginning
16.4%
Which is where?camalot
13.2%
Year of the Movie? (please replace exponent with word and include whether it is bfore or after christ in 2 letters. Thanks)93 squared AD
10.4%
Right after we see the year of93 squared AD
10.4%
Which character arrives is this scene?black knight
8.4%
Sir Robin's personal foe has this many of them3
8%
Which how many knights are looking for? (not including sir not apearing in this film)4
7.2%
To Arthur, this is easily mistaken for5
6.8%
These people live there (scientifical name)female
5.2%
Who claims to be...?invincible
4.8%
There are _ (last answer) in the whole movie. (number)1
4.4%

You're not logged in!

Compare scores with friends on all Sporcle quizzes.
Sign Up with Email
OR
Log In

You Might Also Like...

Show Comments

Extras

Top Quizzes Today


Score Distribution

Your Account Isn't Verified!

In order to create a playlist on Sporcle, you need to verify the email address you used during registration. Go to your Sporcle Settings to finish the process.

Report this User

Report this user for behavior that violates our Community Guidelines.

Details: